Statistiken für Städte Bulgariens

Klicken Sie hier um das Quiz zu spielen!

Allgemein

  • Dieses Quiz wurde 140 mal gespielt
  • Das Durchschnittsergebnis liegt bei 7 aus 20

Antwortstatistiken

RangEinwohnerStadt% Korrekt
11.242.568Sofia
100%
3336.216Warna
90%
2347.851Plowdiw
80%
4201.779Burgas
74%
5141.231Russe
51%
6134.726Stara Sagora
39%
795.086Plewen
38%
1368.828Weliko Tarnowo
31%
1269.219Chaskowo
25%
884.985Sliwen
25%
1075.442Schumen
23%
1172.241Pernik
22%
1468.679Blagoewgrad
19%
982.240Dobritsch
18%
1751.674Wraza
18%
1851.217Gabrowo
15%
1667.222Jambol
14%
1567.650Pasardschik
12%
1948.483Assenowgrad
11%
2044.699Kasanlak
6%

Verteilung der Resultate

Perzentil nach korrekt beantworteten Fragen

Anzahl Personen mit jedem Resultat

Ihre Resultats-Entwicklung

Sie haben dieses Quiz noch nicht gespielt